| 000 | 00708nam a2200193 i 4500 | ||
|---|---|---|---|
| 001 | 188196 | ||
| 003 | SpMaBN | ||
| 005 | 20230906223136.0 | ||
| 008 | 180618s1933 fr a |||| | fre d | ||
| 100 | 1 |
_aMiomandre, Francis de. _981399 |
|
| 245 | 1 | 0 |
_aJeux de glaces _b: roman / _cFrancis de Miomandre ; bois originaux de Constant Le Breton. |
| 260 |
_aParis : _bJ. Ferenczi et Fils, _c1933. |
||
| 300 |
_a154 p. : _bil. ; _c21 cm. |
||
| 490 | 1 |
_aLe livre moderne illustré ; _v182 |
|
| 700 | 1 |
_aLe Breton, Constant. _9165003 |
|
| 830 | 0 |
_aLe livre moderne illustré ; _v182 _9184593 |
|
| 852 |
_aES-MaACL _jL-32051 _z. - Donat. herederos de la bibl. de Mª del Pilar Costa Palacín |
||
| 999 |
_c188196 _d188196 |
||